| 000 | 00434nam a2200169Ia 4500 | ||
|---|---|---|---|
| 003 | GCL | ||
| 008 | 140319s9999 xx 000 0 eng d | ||
| 040 |
_aGCL / _cGCL |
||
| 082 | 0 | 4 |
_a745.4 _bS S |
| 100 | 1 | _aSTEPHEOSON, T. A. | |
| 245 | 1 | 0 |
_aSEASHARE LIFE AND PATTERN / _cSTEPHEOSON, T. A. |
| 260 |
_a[S.N] : _bTHE KING PENGUIN BOOKS ، _c1944 |
||
| 300 | _a16\P | ||
| 650 | 0 | 4 | _aDESIGN |
| 650 | 0 | 4 | _aSEASHORE LIFE |
| 942 |
_2ddc _cBK |
||
| 999 |
_c22382 _d22382 |
||